000 00421nam a2200181Ia 4500
001 23097
005 20260414150914.0
008 260414t2011||||xx |||||||||||||| ||spa||
041 _aESP
082 _a624.1834
_bN48
100 _aNeville, A. M.
_eAUT
245 0 _aProperties of concrete
_b
260 _c2011
300 _axx, 846 páginas :
_c23 cm.
650 _a0
654 _aCIC
942 _cLIB
_dJUS
_fJUS
_2ddc
_n
999 _c23097
_d23097